000 00563nam a2200181Ia 4500
008 151121s9999||||xx |||||||||||||| ||und||
082 _aबा। वि।
082 _bHNW-73000
100 _aजफा मनोरमा
245 _aगुब्बारों से उडान
260 _c--
300 _a32
600 _aजफा मनोरमा
630 _aगुब्बारों से उडान
700 _aजफा मनोरमा
730 _aगुब्बारों से उडान
942 _cBOOK
999 _c1254458
_d1254455